Largest Island by Country - Statistics

General Stats
  • This quiz has been taken 172 times
    153 since last reset
  • The average score is 14 of 20
Answer Stats
Country Largest Island % Correct
New Zealand South Island
91%
Italy Sicily
89%
Australia Tasmania
88%
Greece Crete
87%
Canada Baffin Island
83%
Japan Honshu
82%
France Corsica
78%
UK Great Britain
78%
USA Hawaii
76%
Philippines Luzon
76%
Spain Majorca
76%
Malaysia Borneo
72%
Indonesia New Guinea
69%
Russia Sakhalin
67%
China Taiwan
66%
Denmark Zealand
63%
South Korea Jeju
55%
Sweden Gotland
52%
Argentina Isla Grande de Tierra del Fuego
48%
Norway Spitsbergen
38%
No matching quizzes found
Score Distribution
Percent of People with Each Score
Percentile by Number Answered
Your Score History
You have not taken this quiz since the last reset